01505cam a2200265 a 4500003000900000005001700009008004100026040002800067041000800095100002600103245019000129246009700319260004500416300004700461502010200508520042800610530002201038653000801060653001801068653001001086700003901096700003901135700003201174856003301206EG-GiCUC20250223030946.0140324s2013 ua dh f m 000 0 eng d aEG-GiCUCbengcEG-GiCUC0 aeng0 aMostafa Mahmoud Ragai10aTherapeutic and diagnostic values of office hysteroscopy and laparoscopy in ICSI patients / cMostafa Mahmoud Ragai ; Supervised Hisham Saied Badawy , Akmal Nabil Elmazny , Waleed Saber15aتقييم دور المنظار الرحمى العيادى والمنظار الباطنى aCairo : bMostafa Mahmoud Ragai , c2013 a127 Leaves : charts , facsimiles ; c25cm aThesis (Ph.D.) - Cairo University - Faculty of Medicine - Department of Gynecology and Obstetrics aWe studies 200 patients destined to have ICSI cycles either for the first time or repeatedly in the kasralainy IVF unit . They have done ICSI cycles due to male factor ovarian tubal uterine factors or unexplained infertility . All patients had routine office hsteroscopy prior to their cycles assessing the vagina cervix isthmus and uterin cavityand if laparoscopy was indicated as in cases with endometriosis endometriomas aIssued also as CD 4aHSG 4aHysteroscopy  4aICSI 0 aAkmal Nabil Elmazny , eSupervisor0 aHisham Saied Badawy , eSupervisor0 aWaleed Saber , eSupervisor uhttp://172.23.153.220/th.pdf